000 02399nam a22003137a 4500
003 DO-SdBNP
005 20260305073957.0
007 ta
008 110301s2011 dr ac e 001 0 spa d
020 _a9789945004106
040 _aDO-SdBNP
_bspa
_cBNPHU
082 4 _a972.9305
_bR173b
_222
100 1 _aRamirez Morillo, Belarminio
_953018
245 1 0 _aBalaguer y Leonel :
_banimales políticos en la jungla dominicana /
_cBelarminio Ramirez Morillo.
260 _aSanto Domingo :
_bFESJE,
_c2011.
300 _a778 p. :
_bil., retrs. ;
_c23 cm.
500 _aIncluye datos biográficos del autor en las solapas
500 _aIncluye índice onomástico.
504 _aBibliografía : p. 749-765
505 0 _gLibro primero --
_tDedicatoria --
_tAgradecimientos --
_tIntroducción --
_tGénesis de un liderazgo --
_tBalaguer en la era de Trujillo --
_tLa transición democrática --
_tLas ideas políticas de Balaguer --
_tConstruyendo el estado prospero y democrático --
_tPerfiles de su personalidad --
_tEl tribunal de la historia --
_gLibro segundo --
_tLeonel Fernández Reyna, precursor de la sociedad del conocimiento --
_tNaturaleza del liderazgo de Leonel Fernández --
_tLeonel Fernández el estadista --
_tEl líder político partidista --
_tLa política internacional de Leonel Fernández --
_tConsolidación democrática y estado social de derecho --
_gLibro tercero --
_tEl ideario de Leonel Fernández Reyna --
_tEl pensamiento político de Leonel Fernández Reyna --
_tLas ideas sobre política internacional de Leonel Fernández Reyna --
_tEl pensamiento jurídico de Leonel Fernández Reyna --
_tEl pensamiento económico de Leonel Fernández Reyna --
_tEl pensamiento histórico de Leonel Fernández Reyna --
_tEl pensamiento social de Leonel Fernández Reyna --
_tLas ideas de Leonel Fernández Reyna sobre las tecnologías --
_tLas ideas de Leonel Fernández Reyna sobre el medio ambiente y los recursos naturales --
_tBibliografía --
_tÍndice onomástico /
590 _aInventariado, 2022/ YL
600 1 0 _a Balaguer, Joaquín,
_d1906-2002
_976556
600 1 0 _aFernández, Leonel,
_d1953-
_97291
650 4 _aPresidentes
_xRepública Dominicana
_9660
651 4 _aRepública Dominicana
_xPolítica y gobierno
_y1961-
_9204
710 1 2 _aFundación de Estudios Sociopolíticos, Jurídicos y Económicos
_981565
910 _aYLockward/Validado. Control de calidad MFF
942 _2ddc
_cLBS1
999 _c51642
_d51642